Human genome epidemiology : (Record no. 60338)

MARC details
000 -LEADER
fixed length control field 01397cam a22003614a 4500
001 - CONTROL NUMBER
control field 13136105
005 - DATE AND TIME OF LATEST TRANSACTION
control field 20260413093307.0
008 - FIXED-LENGTH DATA ELEMENTS--GENERAL INFORMATION
fixed length control field 030325s2004 enka b 001 0 eng
010 ## - LIBRARY OF CONGRESS CONTROL NUMBER
LC control number 2003048623
020 ## - INTERNATIONAL STANDARD BOOK NUMBER
International Standard Book Number 0195146743
020 ## - INTERNATIONAL STANDARD BOOK NUMBER
International Standard Book Number 9780195146745
035 ## - SYSTEM CONTROL NUMBER
System control number 13136105
040 ## - CATALOGING SOURCE
Original cataloging agency DLC
Transcribing agency DLC
Modifying agency DLC
042 ## - AUTHENTICATION CODE
Authentication code pcc
050 00 - LIBRARY OF CONGRESS CALL NUMBER
Classification number RB155.5
Item number .H86 2004
082 00 - DEWEY DECIMAL CLASSIFICATION NUMBER
Classification number 616/.042
Edition number 21
245 00 - TITLE STATEMENT
Title Human genome epidemiology :
Remainder of title a scientific foundation for using genetic information to improve health and prevent disease /
260 ## - PUBLICATION, DISTRIBUTION, ETC. (IMPRINT)
Place of publication, distribution, etc Oxford ;
-- New York :
Name of publisher, distributor, etc Oxford University Press,
Date of publication, distribution, etc 2004.
300 ## - PHYSICAL DESCRIPTION
Extent xix, 549 p. :
Other physical details ill. ;
Dimensions 24 cm.
504 ## - BIBLIOGRAPHY, ETC. NOTE
Bibliography, etc Includes bibliographical references and index.
650 #0 - SUBJECT ADDED ENTRY--TOPICAL TERM
Topical term or geographic name as entry element Genetic disorders
General subdivision Epidemiology.
650 #0 - SUBJECT ADDED ENTRY--TOPICAL TERM
Topical term or geographic name as entry element Medical genetics
General subdivision Methodology.
650 #0 - SUBJECT ADDED ENTRY--TOPICAL TERM
Topical term or geographic name as entry element Genomics.
700 1# - ADDED ENTRY--PERSONAL NAME
Personal name Khoury, Muin J.
700 1# - ADDED ENTRY--PERSONAL NAME
Personal name Little, Julian.
700 1# - ADDED ENTRY--PERSONAL NAME
Personal name Burke, Wylie.
856 42 - ELECTRONIC LOCATION AND ACCESS
Materials specified Publisher description
Uniform Resource Identifier <a href="http://www.loc.gov/catdir/enhancements/fy0614/2003048623-d.html">http://www.loc.gov/catdir/enhancements/fy0614/2003048623-d.html</a>
856 41 - ELECTRONIC LOCATION AND ACCESS
Materials specified Table of contents only
Uniform Resource Identifier <a href="http://www.loc.gov/catdir/enhancements/fy0614/2003048623-t.html">http://www.loc.gov/catdir/enhancements/fy0614/2003048623-t.html</a>
906 ## - LOCAL DATA ELEMENT F, LDF (RLIN)
a 7
b cbc
c orignew
d 1
e ocip
f 20
g y-gencatlg
942 ## - ADDED ENTRY ELEMENTS (KOHA)
Source of classification or shelving scheme Library of Congress Classification
Item type Book
Holdings
Withdrawn status Lost status Source of classification or shelving scheme Damaged status Not for loan Collection code Home library Current library Shelving location Date acquired Source of acquisition Cost, normal purchase price Total Checkouts Full call number Barcode Date last seen Copy number Price effective from Koha item type
    Library of Congress Classification   Not For Loan Non-fiction Bishop Okullu Memorial Library (Limuru Campus) Bishop Okullu Memorial Library (Limuru Campus) Processing Center 13/04/2026 Donation- Pittsburgh 10878.00   RB155.5 .H86 2004 073298 13/04/2026 1 13/04/2026 Book